000 006550000a22002050004500
041 0 _aSPA
082 0 4 _aG 232.9 R393v
100 1 _aRenan, Ernesto (1823-1892)
245 1 0 _aVida de Jesús / Ernesto Renan ; Aurelio Garzón del Camino, Traductor
260 _aMéxico, México : Compañía General
300 _a474 Pag
440 0 _aCol. Ideas, Letras y Vida
500 _aTítulo original en francés : Vie de Jésus
650 1 4 _aJESUCRISTO - BIOGRAFIAS \ CRISTIANISMO - BIOGRAFIAS - PALESTINA
001 4125
942 _cBK
999 _c34738
_d34738
336 _atexto
_btxt
_2rdacontent
337 _2rdamedia
_asin mediación
_bn
338 _2rdacarrier
_avolumen
_bnc